| 000 | 00531nam a2200217 a 4500 | ||
|---|---|---|---|
| 001 | 0001-2154 | ||
| 003 | ELIB.Books | ||
| 008 | 190725 2010 eng | ||
| 020 | _a9789834038434 | ||
| 092 |
_a230.082 _bAWRC |
||
| 100 | _aAWRC | ||
| 245 | _aTelling Her Story | ||
| 260 |
_aKuala Lumpur _bAWRC _c2006 |
||
| 300 |
_a171 _c20cm |
||
| 520 | _aFeminist Theology | ||
| 856 |
_nKBTS Library _uKBTS Elib |
||
| 942 |
_2ddc _cBK |
||
| 990 | _a1 | ||
| 998 |
_aEnglishbooks.elf _ccat _e2019-07-25 |
||
| 999 |
_c12154 _d12154 |
||